| 000 | 00651nam a2200253Ia 4500 | ||
|---|---|---|---|
| 008 | 210210b2010 xxu||||| |||| 00| 0 eng d | ||
| 020 | _a9780521134323 | ||
| 041 | _aeng | ||
| 082 | _a658.406 MAHE | ||
| 100 | _aMAHONEY (James) | ||
| 245 | _aExplaining institutional change: ambiguity agency and power | ||
| 260 |
_aCambridge _bCambridge University Press _c2010 |
||
| 300 | _axiii,236 | ||
| 650 | _apower | ||
| 650 | _ainstitutional | ||
| 650 | _aExplaining | ||
| 650 | _achange: | ||
| 650 | _aand | ||
| 650 | _aambiguity | ||
| 650 | _aagency | ||
| 690 | _aExecutive Management | ||
| 700 | _aTHELEN (Kathleen) Eds | ||
| 906 | _a064735 | ||
| 999 |
_c141592 _d141592 |
||